[Event "RUS-ch Seniors"]
[Site "Odintsovo"]
[Date "2011.04.25"]
[Round "7"]
[White "Zakharov, Alexander V"]
[Black "Babiy, Anatoly"]
[Result "1/2-1/2"]
[WhiteElo "2394"]
[BlackElo "2466"]
[PlyCount "55"]
[EventDate "2011.04.19"]
[EventType "swiss"]
[EventRounds "9"]
[EventCountry "RUS"]
[SourceTitle "CBM 142 Extra"]
[Source "ChessBase"]
[SourceDate "2011.06.27"]
[SourceVersion "1"]
[SourceVersionDate "2011.06.27"]
[SourceQuality "1"]

1. d4 Nf6 2. c4 e6 3. Nf3 b6 4. Nc3 Bb4 5. Qb3 c5 6. a3 Ba5 7. Bd2 Bb7 8. dxc5 Bxf3 9. gxf3 bxc5 10. Bg2 Nc6 11. e3 Ne5 12. 0-0 Rb8 13. Qa2 0-0 14. f4 Ng6 15. Rad1 Nh4 16. Bh1 Nf5 17. Ne4 Bxd2 18. Rxd2 Qc7 19. Qb1 Ne8 20. Rfd1 Rd8 21. Qc2 d6 22. Ng3 Nxg3 23. hxg3 Rb8 24. Bf3 Rb6 25. Kh2 g6 26. Rb1 Ng7 27. g4 Rfb8 28. Qa4 1/2-1/2